| 000 | 00763nam a2200229 a 4500 | ||
|---|---|---|---|
| 001 | 000017907 | ||
| 003 | DO-SdBNP | ||
| 005 | 20230719100850.0 | ||
| 008 | 100407s1990 dr ac 000 0 spa d | ||
| 040 |
_aDO-SdBNP _bspa _cBPMSU |
||
| 082 |
_a923.946 _bO39A 1990 _222 |
||
| 100 | 1 |
_aÁlvarez Perelló, Eduardo A., _d1915- |
|
| 245 | 1 | 3 |
_aEl conquistador Don Alonso de Ojeda / _cEduardo A. Álvarez Perelló. |
| 260 |
_aSanto Domingo : _bEditora Taller, _c1990. |
||
| 300 |
_a153 p. : _bil., map. ; _c22 cm. |
||
| 504 | _aBibliografía p: 153-155 | ||
| 590 | _6Inventariado, 2023/VM | ||
| 600 | 1 | 4 |
_aOjeda, Alonso de, _dca.1466?-ca.1515. |
| 651 | 4 |
_aAmérica _x Descubrimiento y exploraciones. |
|
| 910 | _aVMateo V. Control de calida. BPMSU | ||
| 942 |
_2ddc _cBK |
||
| 999 |
_c14431 _d14431 |
||